| Tag |
First Indicator |
Second Indicator |
Subfields |
| LEADER |
00000cam a22000001a 4500 |
| 001 |
in00003363243 |
| 006 |
m d f |
| 007 |
cr bn mmmapmmp |
| 008 |
100717s1999 dcu o f000 0 eng d |
| 005 |
20260430214219.3 |
| 035 |
|
|
|a cis2007893508
|
| 040 |
|
|
|a ProQuest
|c ProQuest
|d UtOrBLW
|
| 043 |
|
|
|a n-us---
|
| 099 |
|
|
|a CRS-1999-AML-0051
|
| 110 |
2 |
|
|a Library of Congress.
|b Congressional Research Service.
|
| 245 |
1 |
0 |
|a Nuclear Sanctions :
|b Section 102(b) of the Arms Export Control Act and Its Application to India And Pakistan.
|
| 264 |
|
1 |
|a [Place of publication not identified] :
|b [publisher not identified],
|c 1999.
|
| 300 |
|
|
|a 1 online resource.
|
| 336 |
|
|
|a text
|b txt
|2 rdacontent
|
| 337 |
|
|
|a computer
|b c
|2 rdamedia
|
| 338 |
|
|
|a online resource
|b cr
|2 rdacarrier
|
| 500 |
|
|
|a Record is based on bibliographic data in ProQuest U.S. Congressional Research Digital Collection (last viewed July 2010). Reuse except for individual research requires license from ProQuest, LLC.
|
| 500 |
|
|
|a CRS Report.
|
| 520 |
|
|
|a Describes Section 102(b) of the Arms Export Control Act (AECA), which imposes economic and military sanctions against countries engaging in certain types of nuclear proliferation, and discusses AECA application to India and Pakistan, both of which conducted nuclear weapons tests in May 1998. Discusses 1998 and 1999 sanctions relief legislation and subsequent Presidential action.
|
| 500 |
|
|
|a Electronic resource.
|
| 650 |
|
0 |
|a Arms control.
|
| 650 |
|
0 |
|a Export controls.
|
| 650 |
|
0 |
|a Sanctions (International law)
|
| 655 |
|
7 |
|a Electronic books.
|2 local
|
| 710 |
2 |
|
|a ProQuest (Firm)
|
| 776 |
0 |
8 |
|i Microfiche version:
|a Library of Congress. Congressional Research Service.
|t Nuclear Sanctions
|
| 830 |
|
0 |
|a U.S. Congressional Research.
|
| 856 |
4 |
0 |
|u http://proxy.library.tamu.edu/login?url=https://congressional.proquest.com/congcomp/getdoc?CRDC-ID=CRS-1999-AML-0051
|z Connect to the full text of this electronic book
|t 0
|
| 999 |
|
|
|a MARS
|
| 999 |
f |
f |
|s e30e330d-4084-33fc-b682-6021bb24be6b
|i c6b700ad-c29f-3c4d-807c-35e2718e1dd3
|t 0
|
| 952 |
f |
f |
|a Texas A&M University
|b College Station
|c Electronic Resources
|s www_evans
|d Available Online
|t 0
|e CRS-1999-AML-0051
|h Other scheme
|
| 998 |
f |
f |
|a CRS-1999-AML-0051
|t 0
|l Available Online
|